Soviet military doctrine /

Bibliographic Details
Main Author: Garthoff, Raymond L.
Corporate Author: Rand Corporation
Format: Book
Language:English
Published: Glencoe, Ill. : Free Press, [1953]
Subjects:

MARC

Tag First Indicator Second Indicator Subfields
LEADER 00000cam a2200000 4500
001 in00000053955
005 20151008050914.0
008 751029s1953 iluab b 00100 eng
010 |a  53007394  
035 |a (OCoLC)01745549 
035 |9 AAG4194AM 
040 |a DLC  |c FQG  |d TXA  |d UtOrBLW 
049 |a TXAS [mil] 
050 0 0 |a U43.R9  |b G3 1953 
082 0 |a 355 
092 |a 355  |b G244s 
100 1 |a Garthoff, Raymond L. 
245 1 0 |a Soviet military doctrine /  |c by Raymond L. Garthoff ; with a preface by H.A. DeWeerd. 
264 1 |a Glencoe, Ill. :  |b Free Press,  |c [1953] 
264 4 |c ©1953 
300 |a xviii, 587 pages :  |b illustrations, maps ;  |c 25 cm. 
336 |a text  |b txt  |2 rdacontent 
337 |a unmediated  |b n  |2 rdamedia 
338 |a volume  |b nc  |2 rdacarrier 
500 |a "A contribution to the research program conducted for the United States Air Force by the Rand Corporation." 
500 |a "A revised and extended version of ... [the author's] dissertation ... for the degree of doctor of philosophy at Yale University." 
504 |a Bibliography: pages 507-565. 
500 |a Includes indexes. 
650 0 |a Military art and science. 
651 0 |a Soviet Union  |x Politics and government. 
710 2 |a Rand Corporation. 
999 |a MARS 
999 f f |s 75581d9e-1328-33d9-a338-9f94913d0e25  |i 3101fa1f-0740-349b-96ea-c83dfdda59f2  |t 0 
952 f f |p noncirc  |a Texas A&M University  |b College Station  |c Cushing Memorial Library & Archives  |d Cushing: Ragan Military (Does not check out)  |t 0  |e U43.R9 G3 1953  |h Library of Congress classification  |i unmediated -- volume 
998 f f |a U43.R9 G3 1953  |t 0  |l Cushing: Ragan Military (Does not check out)